BIBLIOTECA PODER JUDICIAL
Portal Judicial TDF

Modos anormales de terminación del proceso : (Registro nro. 2112)

000 -LEADER
fixed length control field 01375nam a22002417a 4500
003 - CONTROL NUMBER IDENTIFIER
control field OSt
005 - DATE AND TIME OF LATEST TRANSACTION
control field 20190920104221.0
008 - FIXED-LENGTH DATA ELEMENTS--GENERAL INFORMATION
fixed length control field 180220b xxu||||| |||| 00| 0 spa d
020 ## - INTERNATIONAL STANDARD BOOK NUMBER
International Standard Book Number 95014039004
040 ## - CATALOGING SOURCE
Transcribing agency PJ
100 ## - ASIENTO PRINCIPAL - NOMBRE DE PERSONA
9 (RLIN) 3308
Personal name Fornaciari, Mario Alberto
245 10 - MENCIÓN DE TÍTULO
Título propiamente dicho Modos anormales de terminación del proceso :
Parte restante del título tomo III /
Mención de responsabilidad, etc Mario Alberto Fornaciari.
260 ## - PUBLICATION, DISTRIBUTION, ETC. (IMPRINT)
Place of publication, distribution, etc Buenos Aires :
Name of publisher, distributor, etc Depalma,
Date of publication, distribution, etc 1991.
300 ## - DESCRIPCION FISICA
Extent 263 p.
Dimensions 23 cm.
490 ## - MENCION DE SERIE
Mención de Serie Análisis Teórico Práctico del Derecho Procesal Civil
Designación numérica/secuencial del volumen III
500 ## - NOTA GENERAL
General note Notas y citas a pie de página.<br/>
504 ## - NOTA DE BIBLIOGRAFÍA, ETC.
Bibliography, etc Bibliografía: p. 259-263.
505 ## - FORMATTED CONTENTS NOTE
Formatted contents note Contenido:<br/>Nociones generales -- Aspectos subjetivos de la caducidad de instancia -- Divisibilidad o indivisibilidad de la instancia -- Los plazos de la caducidad de la instancia -- Procedencia e improcedencia de la caducidad de instancia (distintos supuestos) -- Interrupción y suspensión de los plazos de caducidad de la instancia -- Subsanación de la perención de instancia -- Caducidad de la segunda instancia -- El incidente de perención de la instancia -- Efectos de la perención de la instancia -- Responsabilidad de los profesionales en la caducidad de la instancia.
650 #0 - ASIENTO SECUNDARIO DE MATERIA - TERMINO TEMATICO
Topical term or geographic name as entry element DERECHO PROCESAL
9 (RLIN) 267
650 #0 - ASIENTO SECUNDARIO DE MATERIA - TERMINO TEMATICO
Topical term or geographic name as entry element TERMINACION DEL PROCESO
9 (RLIN) 1934
650 #0 - ASIENTO SECUNDARIO DE MATERIA - TERMINO TEMATICO
Topical term or geographic name as entry element CADUCIDAD DE INSTANCIA
9 (RLIN) 1935
942 ## - ADDED ENTRY ELEMENTS (KOHA)
Source of classification or shelving scheme
Koha item type Libros
Classification part 347.933
Item part FOR
Existencias
Withdrawn status Lost status Source of classification or shelving scheme Damaged status Not for loan Permanent Location Current Location Date acquired Serial Enumeration / chronology Full call number Barcode Date last seen Price effective from Koha item type
          Biblioteca Poder Judicial Norte Biblioteca Poder Judicial Norte 2018-11-29 V. 3 347.933 FOR RG 3714 2024-12-01 2018-11-29 Libros
          Biblioteca Poder Judicial Sur Biblioteca Poder Judicial Sur 2018-11-29 V. 3 347.933 FOR 2935 2018-11-29 2018-11-29 Libros

12 de Octubre 789 Ushuaia - Tel:  54(02901)441571
Horario de Atención: 8.00 a 17.00 hs. 
bibliotecaush@justierradelfuego.gov.ar
koha@justierradelfuego.gov.ar
Seguinos en nuestras redes @bibliojustdf 

Con tecnología Koha